Métodos de investigación educativa : guía práctica (Registro nro. 29030)

Detalles MARC
001 - NÚMERO DE CONTROL
campo de control 61806
005 - FECHA Y HORA DE LA ÚLTIMA TRANSACCIÓN
campo de control 20260504071846.0
008 - DATOS DE LONGITUD FIJA--INFORMACIÓN GENERAL
campo de control de longitud fija 960313s1989 spa
020 ## - NÚMERO INTERNACIONAL ESTÁNDAR DEL LIBRO
Número Internacional Estándar del Libro 9788432992285
035 ## - NÚMERO DE CONTROL DEL SISTEMA
Número de control de sistema 61806
035 ## - NÚMERO DE CONTROL DEL SISTEMA
Número de control de sistema (OCoLC)778183975
040 ## - FUENTE DE LA CATALOGACIÓN
Centro/agencia transcriptor comduadb
041 ## - CÓDIGO DE LENGUA
Código de lengua del texto/banda sonora o título independiente spa
082 #4 - NÚMERO DE LA CLASIFICACIÓN DECIMAL DEWEY
Número de clasificación 370
100 10 - ENTRADA PRINCIPAL--NOMBRE DE PERSONA
Nombre de persona Bisquerra Alzina, Rafael
Código de función aut
Término indicativo de función/relación Autor/a
9 (RLIN) 589230
245 10 - MENCIÓN DE TÍTULO
Título Métodos de investigación educativa : guía práctica
260 ## - PUBLICACIÓN, DISTRIBUCIÓN, ETC.
Lugar de publicación, distribución, etc. Barcelona :
Nombre del editor, distribuidor, etc. Ediciones Ceac,
Fecha de publicación, distribución, etc. 1989.
300 ## - DESCRIPCIÓN FÍSICA
Extensión xv, 382 páginas
490 0# - MENCIÓN DE SERIE
Mención de serie Colección Educación y Enseñanza. Serie Universitaria
650 ## - PUNTO DE ACCESO ADICIONAL DE MATERIA--TÉRMINO DE MATERIA
Término de materia o nombre geográfico como elemento de entrada Investigación educativa
9 (RLIN) 4655
650 #7 - PUNTO DE ACCESO ADICIONAL DE MATERIA--TÉRMINO DE MATERIA
Término de materia o nombre geográfico como elemento de entrada Metodología científica
Fuente del encabezamiento o término lemb
9 (RLIN) 41814
942 ## - ELEMENTOS DE ENTRADA AGREGADA (KOHA)
Tipo de ítem Koha Libros
Existencias
Estado de retiro Estado de pérdida Estado dañado No para préstamo Código de colección Localización permanente Ubicación/localización actual Fecha de adquisición Número de inventario Total de préstamos Signatura topográfica completa Código de barras Fecha visto por última vez Fecha del último préstamo Número de copia Precio válido a partir de Tipo de ítem Koha
        Colección General Piso 2 Biblioteca Carlos Gaviria Díaz, Campus Medellín Biblioteca Carlos Gaviria Díaz, Campus Medellín 02/02/1999 C100862 1 370.78018 B622m 61000001298906 26/02/2026 18/08/2023 1 20/04/2023 Libros